Моделирование геометрии сварного соединения при сварке тонколистового металла; Инновационные технологии и экономика в машиностроении; Т. 1

Bibliographische Detailangaben
Parent link:Инновационные технологии и экономика в машиностроении: сборник трудов V Международной научно-практической конференции, г. Юрга, 22-23 мая 2014 г./ Национальный исследовательский Томский политехнический университет (ТПУ), Юргинский технологический институт (ЮТИ) ; под ред. Д. А. Чинахова.— , 2014
Т. 1.— 2014.— [С. 158-161]
Körperschaft: Национальный исследовательский Томский политехнический университет (ТПУ) Юргинский технологический институт (филиал) (ЮТИ) Кафедра сварочного производства (КСП)
Weitere Verfasser: Павлов Н. В. Николай Викторович, Крюков А. В. Артем Викторович, Зернин Е. А. Евгений Александрович, Полищук В. А.
Zusammenfassung:Заглавие с титульного листа.
Sprache:Russisch
Veröffentlicht: 2014
Schriftenreihe:Инновационные технологии получения неразъемных соединений в машиностроении
Schlagworte:
Online-Zugang:http://www.lib.tpu.ru/fulltext/c/2014/C30/V1/040.pdf
Format: Elektronisch Buchkapitel
KOHA link:https://koha.lib.tpu.ru/cgi-bin/koha/opac-detail.pl?biblionumber=607110

MARC

LEADER 00000naa2a2200000 4500
001 607110
005 20260313162839.0
035 |a (RuTPU)RU\TPU\conf\4491 
035 |a RU\TPU\conf\4490 
090 |a 607110 
100 |a 20140630d2014 k y0rusy50 ca 
101 0 |a rus 
102 |a RU 
135 |a drcn ---uucaa 
181 0 |a i  
182 0 |a b 
200 1 |a Моделирование геометрии сварного соединения при сварке тонколистового металла  |f Н. В. Павлов [и др.] 
203 |a Текст  |c электронный 
215 |a 1 файл (562 Кб) 
225 1 |a Инновационные технологии получения неразъемных соединений в машиностроении 
300 |a Заглавие с титульного листа. 
320 |a [Библиогр.: с. 161 (13 назв.)] 
337 |a Adobe Reader 
461 1 |0 (RuTPU)RU\TPU\conf\4003  |t Инновационные технологии и экономика в машиностроении  |o сборник трудов V Международной научно-практической конференции, г. Юрга, 22-23 мая 2014 г.  |o в 2 т.  |f Национальный исследовательский Томский политехнический университет (ТПУ), Юргинский технологический институт (ЮТИ) ; под ред. Д. А. Чинахова  |d 2014 
463 1 |0 (RuTPU)RU\TPU\conf\4012  |t Т. 1  |v [С. 158-161]  |d 2014 
610 1 |a труды учёных ТПУ 
610 1 |a электронный ресурс 
610 1 |a моделирование 
610 1 |a сварные соединения 
610 1 |a сварка 
610 1 |a тонколистовые металлы 
610 1 |a швы 
701 1 |a Павлов  |b Н. В.  |c специалист в области сварочного производства  |c старший преподаватель Юргинского технологического института (филиала) Томского политехнического университета  |f 1986-  |g Николай Викторович  |3 (RuTPU)RU\TPU\pers\29741  |9 14226 
701 1 |a Крюков  |b А. В.  |c специалист в области сварочного производства  |c доцент Юргинского технологического института (филиала) Томского политехнического университета, кандидат технических наук  |f 1979-  |g Артем Викторович  |3 (RuTPU)RU\TPU\pers\24492  |9 10815 
701 1 |a Зернин  |b Е. А.  |c специалист в области сварки  |c заведующий кафедрой Юргинского технологического института (филиал) Томского политехнического университета, кандидат технических наук  |f 1977-  |g Евгений Александрович  |3 (RuTPU)RU\TPU\pers\24288 
701 1 |a Полищук  |b В. А. 
712 0 2 |a Национальный исследовательский Томский политехнический университет (ТПУ)  |b Юргинский технологический институт (филиал) (ЮТИ)  |b Кафедра сварочного производства (КСП)  |3 (RuTPU)RU\TPU\col\18891 
801 2 |a RU  |b 63413507  |c 20140630  |g RCR 
856 4 |u http://www.lib.tpu.ru/fulltext/c/2014/C30/V1/040.pdf 
942 |c CF